Anar al contingut

Правоведение. Основы законодательства в строительстве

Рассматриваются основы теории государства и права, законодательство и правоотношения в сфере строительства, вопросы права собственности, оформления договоров, трудовых отношений и юридической ответственности.Издание предназначено для студентов очного и заочного отделений по направлению «Строительств...

Descripció completa

Guardat en:
Dades bibliogràfiques
Autor principal: Дроздова М. А.
Altres autors: Девятова Л. Д.
Format: Книга
Idioma:Russian
Publicat: Санкт-Петербург ПГУПС 2016
Accés en línia:https://e.lanbook.com/book/94012
https://e.lanbook.com/img/cover/book/94012.jpg
Etiquetes: Afegir etiqueta
Sense etiquetes, Sigues el primer a etiquetar aquest registre!
LEADER 01665nam0a2200265 i 4500
001 94012
003 RuSpLAN
005 20221220173959.0
008 221220s2016 ru gs 000 0 rus
040 |a RuSpLAN 
041 0 |a rus 
044 |a ru 
080 |a 336.76 
084 |a 65.262  |2 rubbk 
245 0 0 |a Правоведение. Основы законодательства в строительстве  |c Дроздова М. А.,Девятова Л. Д. 
260 |a Санкт-Петербург  |b ПГУПС  |c 2016 
300 |a 28 с. 
504 |a Библиогр.: доступна в карточке книги, на сайте ЭБС Лань 
520 8 |a Рассматриваются основы теории государства и права, законодательство и правоотношения в сфере строительства, вопросы права собственности, оформления договоров, трудовых отношений и юридической ответственности.Издание предназначено для студентов очного и заочного отделений по направлению «Строительство», а также для самостоятельно изучающих право. 
521 8 |a Книга из коллекции ПГУПС - Право. Юридические науки 
100 1 |a Дроздова М. А. 
700 1 |a Девятова Л. Д. 
856 4 |u https://e.lanbook.com/book/94012 
856 4 8 |u https://e.lanbook.com/img/cover/book/94012.jpg 
953 |a https://e.lanbook.com/img/cover/book/94012.jpg